000 00597nam a2200193Ia 4500
003 GCL
008 140319s9999 xx 000 0 ara d
020 _a5582213977
040 _aGCL /
_cGCL
082 0 4 _a158.4
_bف ا
100 1 _aفينزل، هانز
245 1 0 _aاكبر عشرة اخطاء يرتكبها القادة /
_cفينزل، هانز
260 _aالقاهرة :
_bدار الثقافة ،
_c2001
300 _a230 ص ؛
_c20 سم
650 0 4 _aالقيادة الادارية
650 0 4 _aالقيادة
650 0 4 _aالقادة الاداريون
942 _2ddc
_cBK
999 _c5152
_d5152